|
|
|
|
| LEADER |
01134nam a22002657a 4500 |
| 001 |
39004 |
| 003 |
BD-DhAAL |
| 008 |
220726t2017 bg ||||| |||| 00| 0 ben d |
| 999 |
|
|
|c 44645
|d 44645
|
| 020 |
|
|
|a 9789840419661
|
| 040 |
|
|
|a BD-DhAAL
|c BD-DhAAL
|
| 041 |
|
|
|a ben
|
| 082 |
|
|
|a 891.441
|2 23
|
| 100 |
|
|
|a চৌধুরী, খসরুজ্জামান
|9 50259
|
| 245 |
|
|
|a আমাদের কবিতা /
|c খসরুজ্জামান চৌধুরী ; তাহমিনা জামান
|
| 246 |
|
|
|a Amader kobita
|
| 260 |
|
|
|a ঢাকা :
|b আগামী প্রকাশনী,
|c ২০১৭.
|
| 300 |
|
|
|a ৫৬ পৃষ্ঠা ;
|c ২৩ সে.মি.
|
| 541 |
|
|
|a Donated By Akbar Ali Khan
|e 39004
|
| 650 |
|
|
|a Bengali poetry.
|9 50260
|
| 650 |
|
|
|a Bengali literature.
|9 50261
|
| 700 |
|
|
|a জামান, তাহমিনা
|9 50262
|
| 852 |
|
|
|a Ayesha Abed Library
|c Akbar Ali Khan Collection
|
| 942 |
|
|
|2 ddc
|c BK
|
| 952 |
|
|
|0 0
|1 0
|2 ddc
|4 0
|6 891_441000000000000_CHO
|7 1
|9 71335
|a BRACUL
|b BRACUL
|c AAKC
|d 2022-07-26
|e Donated by Akbar Ali Khan
|l 0
|o 891.441 CHO
|p 3010039004
|r 2022-07-26
|t 1
|w 2022-07-26
|y BK
|